00860nam a2200229Ia 4500008004100000020001800041022001500059040001300074082001800087245007000105250001100175260004000186300003200226500009200258650003600350650003600386650003800422650003800460650005500498650005500553700002200608191130s2010##################000#0#eng## a9780415911788 a2010291340 aACLcACL a304.20973 CON aThe making of the American landscapecedited by Michael P. Conzen a2nd ed aNew York ; LondonbRoutledgecc2010 axvi, 433 p. : ill. ; 25 cm. aPrevious ed.: Boston : Unwin Hyman, 1990. Includes bibliographical references and index aHuman geography - North America aHuman geography - United States aLandscape changes - North America aLandscape changes - United States aNature - Effect of human beings on - North America aNature - Effect of human beings on - United States aConzen, Michael P